Prozatím /
Prozatím je obsáhlý soubor textů, které Vít Kremlička napsal v letech 1995–2001. Šogorské příběhy a Vycházková kniha ústavu pro počasí jsou jeho prozaickou částí. Přináší povídky, v nichž se naplno projevuje autorova hravost, humor a cit pro jazyk.
Uloženo v:
| Hlavní autor: | |
|---|---|
| Médium: | E-kniha |
| Jazyk: | Czech |
| Vydáno: |
Praha :
E-knihy jedou,
2022
|
| Tagy: |
Žádné tagy |
| LEADER | 01215nam a22002297i 4500 | ||
|---|---|---|---|
| 001 | 311643 | ||
| 007 | ta | ||
| 008 | 260601s2022 xr ||||| |||| 00| 0 cze d | ||
| 020 | |a 9990003588074 | ||
| 044 | |a xr | ||
| 100 | 1 | |a Kremlička, Vít |4 aut | |
| 245 | 1 | 0 | |a Prozatím / |c Kremlička, Vít |
| 264 | 1 | |a Praha : |b E-knihy jedou, |c 2022 | |
| 300 | |a 1 online zdroj (69 stran) | ||
| 336 | |a text |b txt |2 rdacontent | ||
| 337 | |a bez média |b n |2 rdamedia | ||
| 338 | |a online zdroj |b cr |2 rdacarrier | ||
| 520 | 2 | |a Prozatím je obsáhlý soubor textů, které Vít Kremlička napsal v letech 1995–2001. Šogorské příběhy a Vycházková kniha ústavu pro počasí jsou jeho prozaickou částí. Přináší povídky, v nichž se naplno projevuje autorova hravost, humor a cit pro jazyk. | |
| 910 | |a RBIT002 | ||
| 998 | |d 358807 |a https://core.palmknihy.cz/api/books/358807/cover?rh4kx2 |b https://core.palmknihy.cz/api/books/358807/cover/400?rh4kx2 |c https://core.palmknihy.cz/api/books/358807/cover/50?rh4kx2 |e |g 69 |i 9990003588074 |j https://core.palmknihy.cz/api/books/358807/preview.epub |k https://core.palmknihy.cz/api/books/358807/preview.pdf |l |q 49 |r 1 |s https://www.palmknihy.cz/kniha/358807 |t ebook |y 2022 |z 1 | ||
| 999 | |d 311641 | ||